[Event "SLO-chT U20"]
[Site "Sentjur"]
[Date "2005.08.24"]
[Round "5"]
[White "Vrban, Rok"]
[Black "Zagar, Blaz"]
[Result "1-0"]
[WhiteElo "1621"]
[BlackElo "1621"]
[PlyCount "79"]
[EventDate "2005.08.21"]
[EventType "team"]
[EventRounds "9"]
[EventCountry "SLO"]
[SourceTitle "EXT 2008"]
[Source "ChessBase"]
[SourceDate "2007.11.25"]
[SourceVersion "1"]
[SourceVersionDate "2007.11.25"]
[SourceQuality "1"]

1. e4 c5 2. Nf3 d6 3. d4 cxd4 4. Nxd4 Nf6 5. Nc3 e5 6. Nb3 h6 7. Be2 Be7 8. 0-0 0-0 9. Be3 a6 10. Bf3 Be6 11. Qe2 b5 12. Rfd1 Nbd7 13. a3 Nb6 14. Nc5 Bc4 15. Nd3 Qc7 16. Qe1 Rac8 17. Rac1 Rfd8 18. Nb4 a5 19. Nbd5 Nfxd5 20. Nxd5 Bxd5 21. Qxa5 Nc4 22. Qxc7 Rxc7 23. Rxd5 Nxe3 24. fxe3 Rc5 25. Be2 Rb8 26. c3 f6 27. Rcd1 Kf8 28. Rxc5 dxc5 29. Rd5 b4 30. cxb4 cxb4 31. a4 Rc8 32. a5 Rc2 33. Bh5 Rxb2 34. Rb5 Bd6 35. Rb7 b3 36. a6 Ra2 37. Rf7+ Kg8 38. Rb7 b2 39. Bf7+ Kh7 40. Bxa2 1-0

[Event "SLO-chT U20"]
[Site "Sentjur"]
[Date "2005.08.23"]
[Round "4"]
[White "Zagar, Blaz"]
[Black "Bilbija, Aleksandra"]
[Result "1/2-1/2"]
[WhiteElo "1621"]
[BlackElo "1827"]
[PlyCount "52"]
[EventDate "2005.08.21"]
[EventType "team"]
[EventRounds "9"]
[EventCountry "SLO"]
[SourceTitle "EXT 2008"]
[Source "ChessBase"]
[SourceDate "2007.11.25"]
[SourceVersion "1"]
[SourceVersionDate "2007.11.25"]
[SourceQuality "1"]

1. e4 c5 2. Nf3 Nc6 3. d4 cxd4 4. Nxd4 g6 5. Nc3 Bg7 6. Be3 d6 7. Bc4 Nf6 8. 0-0 0-0 9. Qd2 Ng4 10. Nxc6 bxc6 11. h3 Nxe3 12. Qxe3 Qb6 13. Qxb6 axb6 14. Nd1 Ba6 15. Bxa6 Rxa6 16. c3 Rfa8 17. a3 Bh6 18. f3 b5 19. Nf2 Be3 20. Rfd1 c5 21. Rab1 Rb8 22. Kf1 Bxf2 23. Kxf2 f6 24. Ke3 Kf7 25. g4 Raa8 26. f4 Rd8 1/2-1/2

[Event "SLO-ch U16"]
[Site "Sentjur"]
[Date "2005.03.03"]
[Round "6"]
[White "Mitrovic, Boris"]
[Black "Zagar, Blaz"]
[Result "1-0"]
[WhiteElo "2098"]
[BlackElo "1518"]
[PlyCount "55"]
[EventDate "2005.02.26"]
[EventType "swiss"]
[EventRounds "9"]
[EventCountry "SLO"]
[SourceTitle "CBM 105 Extra"]
[Source "ChessBase"]
[SourceDate "2005.05.01"]
[SourceVersion "1"]
[SourceVersionDate "2005.05.01"]
[SourceQuality "1"]

1. e4 e5 2. Nf3 Nc6 3. d4 exd4 4. Nxd4 d6 5. Nc3 Nf6 6. f3 Be7 7. Be3 0-0 8. Qd2 Nxd4 9. Bxd4 Be6 10. 0-0-0 Nd7 11. g4 Ne5 12. Be2 Nc4 13. Bxc4 Bxc4 14. Bxg7 Bg5 15. f4 Kxg7 16. fxg5 Kg6 17. h4 Be6 18. Qd4 f6 19. h5+ Kf7 20. gxf6 Bxg4 21. Qd5+ Ke8 22. Rdf1 c6 23. Qg5 Be6 24. Qh6 Bc4 25. Rf2 Rc8 26. Qxh7 Rxf6 27. Qh8+ Kf7 28. Rxf6+ 1-0